[Event "7th Altibox Norway Chess 2019"]
[Site "Stavanger"]
[Date "2019.06.08"]
[Round "4.5"]
[White "Grischuk, Alexander"]
[Black "Yu, Yangyi"]
[Result "0-1"]
[WhiteElo "2775"]
[BlackElo "2738"]
[Annotator "TA"]
[PlyCount "102"]
[EventDate "2019.06.04"]
[EventType "tourn"]
[EventCountry "NOR"]
[SourceTitle "playchess.com"]
[Source "ChessBase"]
[SourceQuality "1"]

{[%evp 10,102,37,25,42,37,35,24,18,20,18,20,22,19,27,27,27,18,22,22,47,48,50,48,61,54,52,22,36,20,20,17,14,7,15,15,15,0,0,0,10,4,7,4,2,0,0,-9,-8,-8,-8,-8,-8,-8,-16,-14,-17,-57,-26,-87,-85,-92,-91,-83,-78,-184,-160,-229,-234,-223,-218,-231,-233,-223,-223,-375,-375,-375,-375,-375,-375,-375,-375,-563,-546,-1469,-1218,-5933,-5052,-29990,-29991,-29991,-29992,-29992,-29993]} 1. e4 e5 2. Nf3 Nf6 3. Nxe5 d6 4. Nf3 Nxe4 5. d4 d5 6. Bd3 Bf5 {C42: Petroff Defence: 3 Nxe5 and unusual White 3rd moves} 7. O-O Be7 8. Ne5 Nd7 {White has an edge.} 9. Nc3 Nxc3 10. bxc3 Bxd3 11. cxd3 O-O 12. Qb3 $146 ({Predecessor:} 12. Rb1 Rb8 13. f4 f6 14. Ng4 f5 15. Ne5 Nxe5 16. fxe5 {½-½ (33) Ponomariov,R (2682)-Gelfand,B (2719) Hengshui 2019}) 12... Nxe5 13. dxe5 Qd7 14. f4 f5 15. a4 (15. Qxb7 $2 Rfb8 $19) 15... b6 16. Be3 Rfd8 17. Rfd1 c6 18. c4 Qe6 19. Rac1 Kf7 20. Bf2 dxc4 21. dxc4 Rxd1+ 22. Qxd1 Rd8 23. Qh5+ (23. Qc2 {seems wilder.} c5 24. Re1 Kg8 25. Qc3 Qh6 26. Qf3) 23... Kg8 24. h3 g6 25. Qf3 c5 26. Qc3 Qc6 27. a5 Qe4 $36 {[%mdl 2048] Black fights for an advantage.} 28. Qe3 Rd4 29. Qxe4 Rxe4 $11 {[%mdl 4096] Endgame KRB-KRB} 30. g3 g5 31. fxg5 Bxg5 32. Rb1 bxa5 33. Rb5 a4 {[%cal Ba5a4,Ba4a3][%mdl 32]} 34. Rxc5 (34. Ra5 $11 {keeps the balance.}) 34... Bd2 $17 {And now ...a5 would win.} 35. Rc8+ {[%mdl 64] [#] Discovered Attack} Kf7 36. Rc7+ Ke6 {Threatens to win with ...a5.} 37. Rc6+ (37. Bxa7 $17 {keeps fighting.} Kxe5 38. Bb8) 37... Kxe5 $19 {aiming for ...a5.} 38. Bxa7 (38. Rc5+ $17 {was worth a try.} Ke6 39. Rc6+ {[%mdl 64] Discovered Attack} Ke5 40. Rc5+ Kf6 41. Rc6+ {[%mdl 64] Discovered Attack} Kf7 42. Ra6 Rxc4 43. Bxa7) 38... a3 39. Rc5+ Ke6 {( -> ...Be3+)} 40. Rc6+ {[#]} Kd7 $1 {[%cal Rd7c6]} 41. Ra6 Bb4 ({And not} 41... Rxc4 42. Rxa3 Ke6 43. Kg2 $11) 42. c5 $2 (42. Kf2 {was called for.}) 42... Re2 43. c6+ Kc7 44. Bd4 {If only White now had time for Kf1....} a2 45. Kf1 Rc2 46. g4 (46. Be5+ $142 Bd6 47. Ra7+ Kb6 48. Rxa2 Rxa2 49. Bxd6 Kxc6 50. Bb8) 46... f4 47. g5 f3 48. h4 Bd6 49. h5 Bg3 {[%cal Rc2c1] Black mates.} 50. Bb6+ Kd6 {[%cal Rc2c1]} 51. Be3 Rb2 0-1

[Event "7th Altibox Norway Chess 2019"]
[Site "Stavanger"]
[Date "2019.06.09"]
[Round "5.1"]
[White "Vachier-Lagrave, Maxime"]
[Black "Carlsen, Magnus"]
[Result "1/2-1/2"]
[WhiteElo "2779"]
[BlackElo "2875"]
[Annotator "TA"]
[PlyCount "60"]
[EventDate "2019.06.04"]
[EventType "tourn"]
[EventCountry "NOR"]
[SourceTitle "playchess.com"]
[Source "ChessBase"]
[SourceQuality "1"]

{[%evp 19,60,0,8,0,11,0,0,-4,10,9,2,0,0,0,25,0,0,0,0,0,0,0,0,0,0,0,5,6,6,7,0,0,7,7,7,0,2,6,7,0,0,0,0]} 1. e4 c5 2. Nf3 Nc6 3. d4 cxd4 4. Nxd4 Nf6 5. Nc3 e5 6. Ndb5 d6 7. Nd5 Nxd5 8. exd5 Nb8 {[%cal Bc6b8,Bb8d7,Bd7c5][%mdl 32]} 9. a4 Be7 10. Be2 O-O 11. O-O {B33: Sicilian: Pelikan and Sveshnikov Variations} Nd7 (11... f5 12. f4 a6 13. Na3 Nd7 14. Nc4 b6 15. fxe5 Nxe5 16. Be3 Nxc4 17. Bxc4 Bf6 18. Bd4 Bd7 19. Kh1 Re8 20. c3 Bxd4 21. Qxd4 {½-½ (52) Nepomniachtchi,I (2773)-Carlsen,M (2861) Abidjan 2019}) 12. Kh1 a6 13. Na3 Nc5 14. Nc4 a5 15. f4 exf4 16. Bxf4 f5 $146 ({Predecessor:} 16... b6 17. Ra3 f5 18. Rg3 g6 {½-½ (35) De Smet,K (2186)-Hanen,B (2374) ICCF email 2011}) 17. Bd3 b6 {The position is equal.} 18. Qe2 Ba6 19. Nxb6 Nxd3 20. cxd3 Qxb6 21. Qxe7 Bxd3 {[#] Strongly threatening ...Rfe8.} 22. Qe6+ Kh8 {White must now prevent ...Rfe8.} 23. Qxd6 Qxd6 24. Bxd6 Bxf1 25. Bxf8 $11 {[%mdl 4096] Endgame KRB-KRB} Bc4 26. Be7 Bxd5 27. Rd1 Bb3 28. Rd8+ Rxd8 29. Bxd8 Bxa4 30. Bxa5 Kg8 {Accuracy: White = 71%, Black = 81%.} 1/2-1/2

[Event "7th Altibox Norway Chess 2019"]
[Site "Stavanger"]
[Date "2019.06.09"]
[Round "5.2"]
[White "So, Wesley"]
[Black "Anand, Viswanathan"]
[Result "1/2-1/2"]
[WhiteElo "2754"]
[BlackElo "2767"]
[Annotator "TA"]
[PlyCount "91"]
[EventDate "2019.06.04"]
[EventType "tourn"]
[EventCountry "NOR"]
[SourceTitle "playchess.com"]
[Source "ChessBase"]
[SourceQuality "1"]

{[%evp 14,91,40,8,37,13,34,16,8,11,34,38,31,11,18,4,24,20,22,25,13,7,37,9,8,4,3,5,14,4,12,14,7,16,16,0,26,21,30,23,20,19,27,0,0,0,0,0,0,0,-1,-13,-4,-10,0,0,0,0,0,0,0,0,0,0,0,0,0,0,0,0,0,0,0,0,0,0,0,0,0,0]} 1. e4 e5 2. Nf3 Nc6 3. Bb5 a6 4. Ba4 Nf6 5. O-O Bc5 6. c3 b5 7. Bb3 d6 8. a4 {[#] Hoping for axb5.} Bb7 {C78: Ruy Lopez: Archangelsk and Möller Defences} 9. d3 h6 10. Re1 O-O 11. Nbd2 Ne7 12. Nh4 $146 ({Predecessor:} 12. Nf1 Ng6 13. Ng3 d5 14. d4 exd4 15. e5 Ne4 16. cxd4 Bb4 17. Re2 c5 18. dxc5 Bxc5 {½-½ (59) Smirin,I (2639)-Blagojevic,D (2513) Heraklio 2007}) 12... Rb8 13. axb5 axb5 14. Nf1 Bc8 (14... d5 {is interesting.} 15. Qf3 dxe4 16. dxe4 Qd6 17. Bc2 Ra8) 15. h3 Be6 16. Bxe6 fxe6 17. Nf3 b4 18. Ng3 bxc3 19. bxc3 Ng6 20. d4 Bb6 21. Be3 Nd7 22. Nd2 exd4 23. cxd4 e5 24. Nf3 Qf6 (24... Rxf3 $5 25. Qxf3 (25. gxf3 exd4 26. Bxd4 Bxd4 $11) 25... exd4 $11) 25. Nf5 Ne7 26. Nxe7+ Qxe7 27. Rc1 Rf7 28. d5 Bxe3 {The position is equal.} 29. Rxe3 Nc5 30. Qe2 Rff8 31. Rec3 Rb4 32. Rc4 Rfb8 (32... Rb3 {looks sharper.} 33. Nd2 Ra3 34. R4c3 Ra2 35. R3c2 Rfa8) 33. g3 Rxc4 34. Rxc4 Qe8 35. Kg2 Rb7 36. Nh4 Qf7 37. Nf5 Kh7 38. h4 Nd7 39. Qc2 Nc5 40. Qe2 Nd7 41. Qc2 Nc5 42. Ne3 Nb3 43. Qd1 Nd4 44. Nc2 Rb2 45. Rc3 h5 46. Qd3 {Accuracy: White = 74%, Black = 64%.} 1/2-1/2

[Event "7th Altibox Norway Chess 2019"]
[Site "Stavanger"]
[Date "2019.06.09"]
[Round "5.3"]
[White "Yu, Yangyi"]
[Black "Caruana, Fabiano"]
[Result "1/2-1/2"]
[WhiteElo "2738"]
[BlackElo "2819"]
[Annotator "TA"]
[PlyCount "56"]
[EventDate "2019.06.04"]
[EventType "tourn"]
[EventCountry "NOR"]
[SourceTitle "playchess.com"]
[Source "ChessBase"]
[SourceQuality "1"]

{[%evp 11,56,7,15,7,12,35,50,21,6,17,31,10,21,-38,-37,-32,-22,-22,-22,-38,-31,-31,-12,-43,-39,-52,18,18,34,61,53,-28,29,35,117,123,119,20,122,132,139,0,91,0,127,0,74]} 1. d4 Nf6 2. Nf3 d5 3. c4 e6 4. g3 dxc4 5. Bg2 c6 6. Ne5 Bb4+ 7. Bd2 {E04: Open Catalan: 5 Nf3} Be7 8. e3 b5 {[%cal Bb7b5,Bb5b4][%mdl 32]} 9. a4 {White is slightly better.} (9. Nxc6 Nxc6 10. Bxc6+ Bd7 11. Bxa8 Qxa8 12. f3 e5 13. dxe5 Ng4 14. O-O Nxe5 {½-½ (27) Vidit,S (2711)-Vitiugov,N (2726) Prague 2019}) 9... b4 $1 10. Nxc4 Nbd7 $146 ({Predecessor:} 10... O-O 11. O-O Ba6 12. b3 Nbd7 13. Bxc6 Rc8 14. Bg2 e5 {1-0 (30) Rodshtein,M (2609)-Negi,P (2615) Biel 2010}) 11. b3 Ba6 12. Bc1 (12. Bxc6 $11 Rc8 13. Bb5) 12... Rc8 $15 13. Bb2 c5 14. Nbd2 O-O 15. O-O cxd4 16. Bxd4 Nc5 17. Rc1 Nd5 18. Ne4 Nc3 ({Black should try} 18... Nxe4 $15 19. Bxe4 Nb6) 19. Qg4 $40 {[%csl Gd4][%cal Rg4g7][%mdl 128] [#] Black needs to defend precisely.} Ne2+ 20. Qxe2 Nxb3 21. Bb2 (21. Rfd1 $1 $14) 21... Nxc1 (21... f5 $142 22. Rc2 Qc7) 22. Rxc1 e5 ({Better is} 22... Rxc4 $14 23. Rxc4 Bxc4 24. Qxc4 Qd7) 23. Bxe5 $16 Qd7 {[#] ...Qe6 is the strong threat.} 24. Bd4 (24. Ned2 $16) 24... Rfd8 (24... b3 $11) 25. Bf1 Bb7 26. Bg2 Ba6 $1 {aiming for ...Qe6.} 27. Bf1 Bb7 $1 {[%cal Rb7e4]} 28. Bg2 (28. Ned2 $142) 28... Ba6 $1 {Accuracy: White = 41%, Black = 50%.} 1/2-1/2

[Event "7th Altibox Norway Chess 2019"]
[Site "Stavanger"]
[Date "2019.06.09"]
[Round "5.4"]
[White "Ding, Liren"]
[Black "Aronian, Levon"]
[Result "1/2-1/2"]
[WhiteElo "2805"]
[BlackElo "2752"]
[Annotator "TA"]
[PlyCount "65"]
[EventDate "2019.06.04"]
[EventType "tourn"]
[EventCountry "NOR"]
[SourceTitle "playchess.com"]
[Source "ChessBase"]
[SourceQuality "1"]

{[%evp 11,65,-6,0,8,9,0,0,6,9,6,4,2,20,30,21,25,18,19,14,6,8,15,16,9,25,6,0,0,0,0,52,-23,-14,-77,-86,-101,-75,-90,0,0,0,-6,0,-6,0,0,0,0,0,0,0,0,0,0,0,0]} 1. Nf3 d5 2. g3 Nf6 3. Bg2 e6 4. O-O Be7 5. d4 O-O 6. Nbd2 b6 7. c4 {D02: 1 d4 d5 2 Nf3 sidelines, including 2...Nf6 3 g3 and 2...Nf6 3 Bf4} Bb7 8. cxd5 exd5 9. b3 a5 (9... c5 10. Bb2 Nc6 11. Rc1 Ne4 12. dxc5 Bxc5 13. Ne1 Bd4 14. Bxd4 Nxd4 15. Nxe4 dxe4 16. Nc2 Ne6 17. Qxd8 Rfxd8 18. Rfd1 Rac8 19. Rxd8+ Rxd8 {½-½ (30) Eljanov,P (2703)-Radjabov,T (2751) Batumi 2018}) 10. Ne5 a4 $146 ({Predecessor:} 10... Nbd7 11. Ndf3 Nxe5 12. Nxe5 Bd6 13. Bg5 Re8 14. Ng4 Be7 15. Bxf6 Bxf6 16. Nxf6+ Qxf6 {0-1 (52) Gibicar,D (1965)-Donchenko,A (2094) Ditzingen 2010}) 11. bxa4 Qe8 12. Qc2 Nc6 13. Bb2 {Rfc1 is the strong threat.} Bd6 {[%cal Rc6e5]} 14. Rfc1 {[%cal Re5c6]} Nd8 15. a5 Rxa5 16. a4 Ra7 17. e3 Ne6 18. h4 Qa8 19. Ndf3 Re8 20. Bf1 c5 (20... Rd8 $11) 21. Bb5 (21. a5 $1 $14) 21... Re7 $11 22. dxc5 (22. Nd2 $11) 22... bxc5 $17 23. Qd1 h6 24. a5 Nd8 ({Inferior is} 24... Rxa5 {[#]} 25. Nc6 $1 $16 {[%mdl 512]}) (24... Nc7 $17 25. Be2 Qe8) 25. a6 $36 {[%mdl 2048] The position is equal. White fights for an advantage.} Bxa6 26. Bxa6 Rxa6 27. Nc4 $1 {[%cal Rc4d6]} dxc4 28. Qxd6 $1 Rxa1 29. Rxa1 Qxf3 30. Qxe7 Ne4 $1 31. Qxd8+ Kh7 32. Rf1 Nxg3 $1 33. fxg3 {Accuracy: White = 70%, Black = 76%.} 1/2-1/2

[Event "7th Altibox Norway Chess 2019"]
[Site "Stavanger"]
[Date "2019.06.09"]
[Round "5.5"]
[White "Mamedyarov, Shakhriyar"]
[Black "Grischuk, Alexander"]
[Result "1/2-1/2"]
[WhiteElo "2774"]
[BlackElo "2775"]
[Annotator "TA"]
[PlyCount "51"]
[EventDate "2019.06.04"]
[EventType "tourn"]
[EventCountry "NOR"]
[SourceTitle "playchess.com"]
[Source "ChessBase"]
[SourceQuality "1"]

{[%evp 16,51,21,15,25,12,30,18,24,26,28,18,17,22,11,0,24,0,0,0,0,0,0,12,8,20,8,0,21,16,8,0,0,0,13,0,22,0]} 1. c4 Nf6 2. Nc3 e5 3. Nf3 Nc6 4. e3 d5 5. cxd5 Nxd5 6. Bb5 Nxc3 7. bxc3 Bd6 8. d4 Bd7 9. O-O O-O {A28: English Opening: Four Knights Variation} 10. Nd2 $146 ({Predecessor:} 10. Rb1 Re8 11. d5 Na5 12. e4 Bxb5 13. Rxb5 b6 14. Be3 Qd7 15. Qe2 c6 16. dxc6 Qxc6 17. Rd1 {1-0 (33) Inarkiev,E (2693)-Najer,E (2670) St Petersburg 2018}) 10... Qh4 {[%cal Re5d4]} 11. g3 Qh6 12. Bd3 Rae8 13. Ne4 Be7 14. f4 f5 {[#] And now ...exf4 would win.} 15. Bc4+ Kh8 {White must now prevent ...exf4.} 16. dxe5 Rd8 $1 {The position is equal.} 17. Nf2 $1 Na5 18. Bd3 Bb5 {Threatens to win with ...Rxd3!} 19. Qc2 Bxd3 20. Nxd3 Qc6 21. Nb2 Nc4 22. Qe2 Na3 23. Nd1 Nc4 24. Nb2 Na3 25. Nd1 Nc4 26. Nb2 {Accuracy: White = 60%, Black = 81%.} 1/2-1/2

[Event "7th Altibox Norway Chess 2019"]
[Site "Stavanger"]
[Date "2019.06.10"]
[Round "6.1"]
[White "Carlsen, Magnus"]
[Black "Ding, Liren"]
[Result "1/2-1/2"]
[WhiteElo "2875"]
[BlackElo "2805"]
[Annotator "TA"]
[PlyCount "120"]
[EventDate "2019.06.04"]
[EventType "tourn"]
[EventCountry "NOR"]
[SourceTitle "playchess.com"]
[Source "ChessBase"]
[SourceQuality "1"]

{[%evp 9,120,-1,-7,-1,8,12,27,23,29,21,20,-15,-7,-11,-11,-24,-26,-29,-42,-31,-11,-11,-6,-12,-10,-6,0,-15,-12,-12,0,0,-1,-43,-32,-24,-24,-46,-55,-40,-35,-39,-22,-61,-61,-61,-60,-95,-80,-65,-70,-81,-76,-87,-8,-8,-8,-8,-8,-8,-8,-8,-8,-8,0,0,0,0,0,0,0,0,0,0,0,0,0,0,0,0,0,0,0,0,0,0,0,0,0,0,0,0,0,0,0,0,0,0,0,0,0,0,0,0,0,0,0,0,0,0,0,0,0]} 1. c4 Nf6 2. g3 e5 3. Bg2 c6 4. d4 e4 5. Qb3 (5. Nc3 d5 6. Bg5 Bb4 7. Qb3 Bxc3+ 8. Qxc3 O-O 9. f3 dxc4 10. Bxf6 Qxf6 11. fxe4 c5 12. e5 cxd4 13. exf6 dxc3 14. fxg7 {½-½ (40) McShane,L (2647)-Anand,V (2783) Germany 2018}) 5... d5 6. Nc3 {A20: English Opening: 1...e5} dxc4 7. Qxc4 b5 8. Qb3 $1 {White has an edge.} Qxd4 9. Be3 $146 ({Predecessor:} 9. Bg5 Bf5 10. Rd1 Qe5 11. f4 {0-1 (48) Haessel,D (2225)-Reeve,J (2237) Edmonton 2005}) 9... Qb4 10. Bd2 Qxb3 11. axb3 Bf5 12. g4 Bxg4 13. Nxe4 Nxe4 14. Bxe4 g6 15. Bc3 Rg8 16. b4 a6 17. e3 Bg7 18. Ne2 Bxe2 19. Kxe2 Ra7 20. Bxg7 Rxg7 21. Rhc1 Rc7 22. h4 Kd8 23. h5 Kc8 24. hxg6 fxg6 25. Rd1 Rge7 26. f3 Re6 27. Rh1 Kb7 28. Rh6 Rf7 29. Rah1 Ree7 30. Rc1 Kb6 31. Rh2 Re6 (31... Rc7 $17) 32. Rch1 $11 {The position is equal.} Nd7 33. Rxh7 Rxh7 34. Rxh7 {[%mdl 4096] Endgame KRB-KRN} Nf6 {[%mdl 64] [#] Double Attack} 35. Rh4 Nxe4 (35... g5 $5 36. Rh6 $8 g4 $11) 36. fxe4 {KR-KR} c5 (36... g5 $5 37. Rg4 $8 Re5 $11) 37. bxc5+ Kxc5 38. Kd3 $1 g5 39. Rg4 Rg6 40. Kc3 a5 41. b4+ axb4+ 42. Kc2 Kc4 43. e5+ Kd5 44. Rxb4 g4 {[#] ...g3 is the strong threat.} 45. Rxb5+ Ke4 {White must now prevent ...g3.} 46. Rb4+ Kxe3 47. e6 Kf3 (47... g3 $5 48. e7 $8 Re6 $11) 48. Rb3+ Kf2 49. Rb4 Kf3 50. Rb3+ Kf4 51. Rb4+ Kf5 52. Rb5+ Kxe6 {Strongly threatening ...g3.} 53. Kd3 g3 {aiming for ...g2.} 54. Rb6+ Kf5 55. Rxg6 Kxg6 {KP-K} 56. Ke2 Kg5 (56... g2 $5 57. Kf2 $8 Kh7 $11) 57. Kf3 Kh4 58. Kg2 Kg4 59. Kg1 Kh3 {( -> ...g2)} 60. Kh1 g2+ {Accuracy: White = 67%, Black = 70%.} 1/2-1/2

[Event "7th Altibox Norway Chess 2019"]
[Site "Stavanger"]
[Date "2019.06.10"]
[Round "6.2"]
[White "Anand, Viswanathan"]
[Black "Yu, Yangyi"]
[Result "1/2-1/2"]
[WhiteElo "2767"]
[BlackElo "2738"]
[Annotator "TA"]
[PlyCount "61"]
[EventDate "2019.06.04"]
[EventType "tourn"]
[EventCountry "NOR"]
[SourceTitle "playchess.com"]
[Source "ChessBase"]
[SourceQuality "1"]

{[%evp 15,61,33,29,19,22,22,14,9,18,16,20,25,16,18,24,11,16,21,21,16,16,13,22,4,14,12,12,0,15,7,13,4,29,9,30,33,50,28,25,25,25,27,35,15,20,11,25,16]} 1. e4 e5 2. Nf3 Nf6 3. Nxe5 d6 4. Nf3 Nxe4 5. d4 d5 6. Bd3 Be7 7. O-O O-O 8. Re1 Bf5 9. Nbd2 {[%cal Rd2e4,Bb1d2,Bd2f1,Bf1e3][%mdl 32] C42: Petroff Defence: 3 Nxe5 and unusual White 3rd moves} Nd6 10. Bxf5 Nxf5 11. Nf1 {The position is equal.} c6 12. Qd3 Nd6 13. Bf4 Na6 {[%cal Bb8a6,Ba6c7,Bc7e6][%mdl 32]} 14. Ne3 Nc7 {[#]} 15. Re2 $146 ({Predecessor:} 15. Rad1 Ne6 16. Bxd6 Bxd6 17. g3 Re8 {½-½ (30) Anand,V (2773)-Vidit,S (2695) Wijk aan Zee 2019}) 15... Ne6 16. Bxd6 Bxd6 17. g3 Qd7 18. Rae1 Rae8 19. b3 Nc7 20. c4 Bb4 21. Ra1 f6 22. a3 Be7 23. Rae1 Bd8 24. Kg2 Re6 25. cxd5 cxd5 26. Rc1 Rc6 27. Rec2 Rxc2 28. Qxc2 Re8 29. Qc5 a6 $1 30. a4 Re6 31. Qb4 {Accuracy: White = 40%, Black = 81%.} 1/2-1/2

[Event "7th Altibox Norway Chess 2019"]
[Site "Stavanger"]
[Date "2019.06.10"]
[Round "6.3"]
[White "Aronian, Levon"]
[Black "So, Wesley"]
[Result "1/2-1/2"]
[WhiteElo "2752"]
[BlackElo "2754"]
[Annotator "TA"]
[PlyCount "61"]
[EventDate "2019.06.04"]
[EventType "tourn"]
[EventCountry "NOR"]
[SourceTitle "playchess.com"]
[Source "ChessBase"]
[SourceQuality "1"]

{[%evp 9,61,-12,-13,-21,-19,-16,-19,-20,-21,-14,-23,-20,-20,-19,-11,-27,-15,-17,0,-13,0,0,-2,-14,0,-22,-27,-21,-20,-19,0,0,0,0,0,0,0,0,0,0,0,0,0,0,0,0,0,0,0,0,0,0,0,0]} 1. c4 e5 2. d3 Nf6 3. Nf3 Nc6 4. a3 g6 5. Nc3 Bg7 6. e3 {A20: English Opening: 1...e5} d5 7. cxd5 Nxd5 8. Bd2 O-O 9. Be2 Nxc3 $146 ({Predecessor:} 9... a5 10. O-O Be6 11. Rc1 Nxc3 12. Bxc3 {0-1 (37) Milov,V (2669)-Svidler,P (2723) Gibraltar 2009}) 10. Bxc3 a5 {[%cal Ba7a5,Ba5a4][%mdl 32]} 11. O-O a4 12. Rc1 Be6 13. Nd2 Na5 14. f4 Nb3 15. Nxb3 Bxb3 16. Qe1 Re8 17. Qg3 {[%cal Rf4e5]} exf4 18. Qxf4 Bxc3 {The position is equal.} 19. Rxc3 Qe7 (19... Ra5 {seems wilder.} 20. Qxc7 Qxc7 21. Rxc7 Rxe3 22. Rf2 Rae5) 20. Bd1 Bxd1 21. Rxc7 Qxe3+ 22. Qxe3 Rxe3 23. Rxd1 Rd8 24. Rxb7 Rexd3 25. Rxd3 Rxd3 $11 {[%mdl 4096] Endgame KR-KR} 26. Rb4 Rd2 27. h4 Kg7 28. Kh2 h5 29. Kg3 f6 30. Kf3 g5 31. hxg5 {Accuracy: White = 83%, Black = 69%.} 1/2-1/2

[Event "7th Altibox Norway Chess 2019"]
[Site "Stavanger"]
[Date "2019.06.10"]
[Round "6.4"]
[White "Mamedyarov, Shakhriyar"]
[Black "Vachier-Lagrave, Maxime"]
[Result "1/2-1/2"]
[WhiteElo "2774"]
[BlackElo "2779"]
[Annotator "TA"]
[PlyCount "62"]
[EventDate "2019.06.04"]
[EventType "tourn"]
[EventCountry "NOR"]
[SourceTitle "playchess.com"]
[Source "ChessBase"]
[SourceQuality "1"]

{[%evp 23,62,3,3,0,0,0,0,0,0,0,0,-8,-3,-7,-6,-4,0,0,0,0,0,0,0,0,0,0,0,0,0,0,0,0,0,0,0,0,0,0,0,0,0]} 1. d4 Nf6 2. c4 g6 3. Nc3 d5 4. cxd5 Nxd5 5. g3 Bg7 6. Bg2 Nxc3 7. bxc3 c5 8. Nf3 O-O 9. O-O cxd4 10. cxd4 Nc6 11. Rb1 Nxd4 12. Nxd4 Qxd4 {The position is equal.} 13. Qxd4 {D75: Fianchetto Grünfeld: Main Line with 7...c5} (13. Be3 Qc4 14. Qd2 Be6 15. Rfc1 Rad8 16. Qxd8 Rxd8 17. Rxc4 Bxc4 18. Bxa7 b5 19. Bc6 Bxa2 20. Rxb5 Bc4 {½-½ (50) Shankland,S (2671)-So,W (2786) Saint Louis 2018}) 13... Bxd4 14. Bh6 Rd8 15. Bxb7 Rb8 16. Bxc8 Rbxc8 17. Rfc1 {[#]} f6 $146 ({Predecessor:} 17... Bb6 18. Kg2 f6 {½-½ (18) Ftacnik,L (2595)-Lalic,B (2585) Pula 1997}) 18. Rxc8 Rxc8 19. Rc1 Rxc1+ (19... Rb8 {looks sharper.} 20. Rc4 Rb1+ 21. Kg2 Bb6 22. Bc1 Kf7) 20. Bxc1 $11 {[%mdl 4096] Endgame KB-KB} Kf7 21. e4 Ke6 22. Kf1 Kd6 23. Ke2 Kc6 24. f3 e6 25. Kd3 Bc5 26. Kc4 f5 27. g4 fxe4 28. fxe4 a6 29. h3 Bb6 30. Bf4 Bc5 31. Bc1 Bb6 {Accuracy: White = 84%, Black = 90%.} 1/2-1/2

[Event "7th Altibox Norway Chess 2019"]
[Site "Stavanger"]
[Date "2019.06.10"]
[Round "6.5"]
[White "Grischuk, Alexander"]
[Black "Caruana, Fabiano"]
[Result "1/2-1/2"]
[WhiteElo "2775"]
[BlackElo "2819"]
[Annotator "ChessBase"]
[PlyCount "85"]
[EventDate "2019.06.04"]
[EventType "tourn"]
[EventCountry "NOR"]
[SourceTitle "playchess.com"]
[Source "ChessBase"]
[SourceQuality "1"]
[TimeControl "60/7200:0"]

1. e4 {[%emt 0:00:05]} c5 {[%emt 0:00:07]} 2. Nf3 {[%emt 0:00:04]} Nc6 {[%emt 0:00:04]} 3. d4 {[%emt 0:00:18]} cxd4 {[%emt 0:00:06]} 4. Nxd4 {[%emt 0:00:02]} Nf6 {[%emt 0:00:07]} 5. Nc3 {[%emt 0:00:03]} e5 {[%emt 0:00:06]} 6. Ndb5 {[%emt 0:00:04]} d6 {[%emt 0:00:04]} 7. Bg5 {[%emt 0:00:04]} a6 {[%emt 0:00:09]} 8. Na3 {[%emt 0:00:04]} b5 {[%emt 0:00:05]} 9. Nd5 {[%emt 0:00:05]} Be7 {[%emt 0:00:06]} 10. Bxf6 {[%emt 0:00:03]} Bxf6 {[%emt 0:00:04]} 11. c3 {[%emt 0:00:06]} Rb8 {[%emt 0:01:04]} 12. Nc2 {[%emt 0:00:06]} Bg5 {[%emt 0:00:07]} 13. a4 {[%emt 0:00:29]} bxa4 {[%emt 0:00:39]} 14. Ncb4 {[%emt 0:00:12]} Nxb4 {[%emt 0:01:24]} 15. Nxb4 {[%emt 0:00:25]} Bd7 {[%emt 0:12:20]} 16. Bxa6 {[%emt 0:00:45]} Qa5 {[%emt 0:02:24]} 17. Qxd6 {[%emt 0:00:44]} Rb6 {[%emt 0:00:58]} 18. Qd3 {[%emt 0:00:08]} Be6 {[%emt 0:04:37]} 19. O-O {[%emt 0:00:26]} Be7 {[%emt 0:06:10]} 20. Bc4 {[%emt 0:10:15]} Bxb4 {[%emt 0:17:11]} 21. Bxe6 {[%emt 0:02:56]} Rxe6 {[%emt 0:03:46]} 22. cxb4 {[%emt 0:05:36]} Qxb4 {[%emt 0:00:05]} 23. Qc2 {[%emt 0:01:26]} O-O {[%emt 0:00:13]} 24. Rxa4 {[%emt 0:00:05]} Qb7 {[%emt 0:00:30]} 25. Qc3 {[%emt 0:11:38]} Rb6 {[%emt 0:03:25]} 26. Qxe5 {[%emt 0:02:30]} Rxb2 {[%emt 0:00:21]} 27. Rd4 {[%emt 0:01:21]} h6 {[%emt 0:03:26]} 28. h4 {[%emt 0:01:37]} Rb1 {[%emt 0:05:19]} 29. g4 {[%emt 0:40:56]} Rxf1+ {[%emt 0:07:32]} 30. Kxf1 {[%emt 0:00:20]} Qc8 {[%emt 0:00:10]} 31. Qg3 {[%emt 0:00:33]} Re8 {[%emt 0:05:45]} 32. Kg2 {[%emt 0:04:44]} Qc6 {[%emt 0:02:21]} 33. Qd3 {[%emt 0:03:55]} Qf6 {[%emt 0:09:40]} 34. h5 {[%emt 0:01:23]} Qg5 {[%emt 0:00:29]} 35. Qf3 {[%emt 0:02:04]} Qf6 {[%emt 0:00:14]} 36. Rd3 {[%emt 0:03:10]} Qc6 {[%emt 0:02:56]} 37. Rd4 {[%emt 0:04:04]} Qf6 {[%emt 0:00:04]} 38. Rb4 {[%emt 0:00:47]} Qd6 {[%emt 0:00:53]} 39. Qb3 {[%emt 0:00:26]} Qd7 {[%emt 0:01:35]} 40. Qg3 {[%emt 0:02:51]} Qe7 {[%emt 0:00:21]} 41. Qb3 {[%emt 0:02:16]} Qd7 {[%emt 0:01:01]} 42. Kf3 {[%emt 0:00:13]} Qd6 {[%emt 0:01:22]} 43. Kg2 {[%emt 0:05:08]} 1/2-1/2